Physiologia bohemoslovaca
| New Title: | Physiological research |
|---|---|
| Previous Title: | Československá fysiologie. Czech. Physiologia bohemoslovenica |
| Format: | Journal |
| Language: | English French |
| PhysicalDescription: | 25 zv. 25 cm |
| Published: |
Praha
Československá akademia věd
1966-1990
Praha Academia |
| ISSN: | 0369-9463 0862-8408 |
| Subjects: |
MARC
| LEADER | 00000cas a2200000 a 4500 | ||
|---|---|---|---|
| 001 | vtls008950547 | ||
| 003 | SK-MaSNL | ||
| 005 | 20260228163756.0 | ||
| 008 | 751019d19561990xr br p 0 b0eng c | ||
| 022 | |a 0369-9463 |y 0014-1291 |y 0396-9463 | ||
| 035 | |a 11387895 | ||
| 035 | |a (SVKBB03)vtls000108699 | ||
| 040 | |a STUSCHK1 |b slo |c STUSCHK1 |d SNK |e AACR2 | ||
| 041 | 0 | |a eng |a fre |b eng |b rus | |
| 044 | |a xr |a CZ | ||
| 072 | 7 | |a 612 |x Fyziológia človeka a porovnávacia fyziológia |2 konspekt | |
| 072 | 7 | |a 577 |x Biochémia. Molekulárna biológia. Biofyzika |2 konspekt | |
| 072 | 7 | |a 615 |x Farmácia. Farmakológia |2 konspekt | |
| 080 | |a 612 |2 2011 | ||
| 080 | |a 001(051) |2 2011 | ||
| 080 | |a 577.1 |2 2011 | ||
| 080 | |a 615.011/.099 |2 2011 | ||
| 210 | 0 | |a Physiol. bohemoslov. | |
| 222 | 0 | |a Physiologia bohemoslovaca | |
| 245 | 0 | 0 | |a Physiologia bohemoslovaca |
| 260 | |a Praha |b Československá akademia věd |c 1966-1990 | ||
| 260 | 3 | |3 1971-1990 |a Praha |b Academia | |
| 300 | |a 25 zv. |c 25 cm | ||
| 310 | |a 6x ročne | ||
| 362 | 0 | |a Sv. 15, č. 1 (1966)-sv. 39, č. 6 (1990) |z Databáza NK ČR | |
| 525 | |a Obsahuje supplementy | ||
| 546 | |a Text aj fran. ; res. angl., rus. | ||
| 650 | 0 | |a fyziológia |2 SNKPH |9 697 | |
| 650 | 0 | 7 | |a biochémia |2 SNKPH |9 696 |
| 650 | 0 | 7 | |a farmakológia |2 SNKPH |9 2468 |
| 655 | 7 | |a vedecké časopisy |2 SNKPH |9 70520 | |
| 710 | 2 | |a Fysiologicky ústav (Československa akademie věd) |4 pbl |9 274671 | |
| 780 | 0 | 0 | |t Československá fysiologie. Czech. Physiologia bohemoslovenica |
| 785 | 0 | 0 | |t Physiological research |x 0862-8408 |
| 910 | |a snk | ||
| 999 | |c 10851 |d 12781 | ||
| 952 | |0 0 |1 1 |4 0 |7 0 |a SNK |b SNK |d 2006-03-13 |i snkČIP 233/85 |l 0 |o snkČC 1086/33/1984 |p 17A0500500 |r 2026-02-21 19:47:18 |t č. 1-6 |w 2026-02-21 |y PREZ | ||
| 952 | |0 0 |1 1 |4 0 |7 0 |a SNK |b SNK |d 2012-09-07 |i snkČIP 1839/78 |l 0 |o snkČC 1086/26/1977 |p 17A7633213 |r 2026-02-21 20:30:26 |t č. 1-6 |w 2026-02-21 |y PREZ | ||
| 952 | |0 0 |1 1 |4 0 |7 0 |a SNK |b SNK |d 2012-09-07 |i snkČIP 321/84 |l 0 |o snkČC 1086/32/1983 |p 17A1019427 |r 2026-02-21 20:30:43 |t č. 1-6 |w 2026-02-21 |y PREZ | ||
| 952 | |0 0 |1 1 |4 0 |7 0 |a SNK |b SNK |d 2008-04-15 |l 0 |o snkČC 1086/23/1974 |p 17A0195707 |r 2026-02-21 21:01:19 |t č. 1-6 |w 2026-02-21 |y PREZ | ||
| 952 | |0 0 |1 1 |4 0 |7 0 |a SNK |b SNK |d 2009-10-28 |i snkČIP 365/81 |l 0 |o snkČC 1086/29/1980 |p 17A0629759 |r 2026-02-21 21:23:27 |t č. 1-6 |w 2026-02-21 |y PREZ | ||
| 952 | |0 0 |1 1 |4 0 |7 0 |a SNK |b SNK |d 1999-05-25 |l 0 |o snkČC 1086/28/1979 |p 17A0195706 |r 2005-01-02 00:00:00 |t č. 1-6 |w 2026-02-21 |y PREZ | ||
| 952 | |0 0 |1 1 |4 0 |7 0 |a SNK |b SNK |d 2002-07-23 |l 0 |o snkČC 1086/34/1985 |p 17A0269182 |r 2005-01-02 00:00:00 |t č. 1-6 + suppl. |w 2026-02-21 |y PREZ | ||


